Eragon #1 [CD/sound recording] / Christopher ... Read More
Available copies
- 0 of 1 copy available at LARL/NWRL Consortium. (Show)
- 0 of 1 copy available at Northwest Regional Library.
Current holds
0 current holds with 1 total copy.
Show Only Available Copies
| Location | Call Number / Copy Notes | Barcode | Shelving Location | Status | Due Date |
|---|---|---|---|---|---|
| Thief River Falls Public Library | BOOK-ON-CD ya PAO (Text) | 35500003875273 | Main | Checked out | 05/22/2026 |
Record details
- ISBN: 1400090687 :
- Physical Description: 14 sound discs (16 hr., 23 min.) : digital ; 4 3/4 ... Read More
- Publisher: New York : Random House/Listening Library, p2003.
Content descriptions
| General Note: | Unabridged. Compact disc. |
| Participant or Performer Note: | Read by Gerard Doyle. |
| Summary, etc.: | In Alagaesia, a fifteen-year-old boy of unknown ... Read More |
Search for related items by subject
| Subject: | Dragons > Fiction. Dragons > Fiction > Juvenile sound recordings. |
| Genre: | Compact discs. Audiobooks. Fantasy fiction. |
Search for related items by series
| LDR | 01697cim a2200385Ia 4500 | ||
|---|---|---|---|
| 001 | 62458 | ||
| 003 | LARL_NWRL_CONSORTIUM | ||
| 005 | 20051005174845.0 | ||
| 007 | sd fungnn---uu | ||
| 008 | 040319s2003 nyunnn c f eng d | ||
| 020 | . | ‡a1400090687 : ‡c$49.95 | |
| 028 | 0 | 2. | ‡aYA 450A ‡bRandom House/Listening Library |
| 035 | . | ‡a(OCoLC)54770081 | |
| 082 | 0 | 4. | ‡a813/.6 ‡222 |
| 100 | 1 | . | ‡aPaolini, Christopher. ‡0(LARL_NWRL_CONSORTIUM)154802 |
| 245 | 1 | 0. | ‡aEragon ‡n#1 ‡h[CD/sound recording] / ‡cChristopher Paolini. |
| 260 | . | ‡aNew York : ‡bRandom House/Listening Library, ‡cp2003. | |
| 300 | . | ‡a14 sound discs (16 hr., 23 min.) : ‡bdigital ; ‡c4 3/4 in. | |
| 490 | 0 | . | ‡aInheritance ; ‡v1 |
| 511 | 0 | . | ‡aRead by Gerard Doyle. |
| 500 | . | ‡aUnabridged. | |
| 500 | . | ‡aCompact disc. | |
| 520 | . | ‡aIn Alagaesia, a fifteen-year-old boy of unknown lineage called Eragon finds a mysterious stone that weaves his life into an intricate tapestry of destiny, magic, and power, peopled with dragons, elves, and monsters. | |
| 650 | 1. | ‡aDragons ‡vFiction. ‡0(LARL_NWRL_CONSORTIUM)164658 | |
| 650 | 0. | ‡aDragons ‡vFiction ‡vJuvenile sound recordings. | |
| 655 | 0. | ‡aCompact discs. | |
| 655 | 0. | ‡aAudiobooks. ‡0(LARL_NWRL_CONSORTIUM)175801 | |
| 655 | 7. | ‡aFantasy fiction. ‡2gsafd | |
| 700 | 1 | . | ‡aDoyle, Gerard. ‡4nrt ‡0(LARL_NWRL_CONSORTIUM)136861 |
| 901 | . | ‡a62458 ‡bOCLC ‡c62458 ‡tbiblio | |

Add to basket
Permalink
Disable Highlighting